[<La> Famille, une idée neuve en Europe]

Salvato in:
Dettagli Bibliografici
Autore principale: Houchard, Béatrice
Natura: Libro
Lingua:francese
Pubblicazione: Paris Fondation Robert Schuman 2000
Serie:Notes de la Fondation Robert Schuman
Soggetti:
Tags: Aggiungi Tag
Nessun Tag, puoi essere il primo ad aggiungerne!!

MARC

LEADER 00000nam a2200000 4500
001 c130888
005 20221221082329.0
041 0 |a fre 
044 |a FR 
245 1 0 |a [<La> Famille, une idée neuve en Europe]  |c Béatrice Houchard 
264 1 |a Paris  |b Fondation Robert Schuman  |c 2000 
300 |a 78 s. 
490 1 |a Notes de la Fondation Robert Schuman 
830 0 |a Notes de la Fondation Robert Schuman 
610 2 0 |a rodina 
610 2 0 |a vývoj spoločenský 
610 2 0 |a ženy 
610 2 0 |a problémy spoločenské 
610 2 0 |a potreby sociálne 
610 2 0 |a úroveň životná 
610 2 0 |a politika 
610 2 0 |a porovnanie medzinárodné 
610 2 0 |a Európa 
100 1 |a Houchard, Béatrice